书目信息 |
| 题名: |
在日本十五年
|
|
| 作者: | 刘德有 编 | |
| 分册: | ||
| 出版信息: | 北京 生活, 读书, 新知三联书店 1981.6 |
|
| 页数: | 364页 | |
| 开本: | 19cm | |
| 丛书名: | ||
| 单 册: | ||
| 中图分类: | D731.30 | |
| 科图分类: | ||
| 主题词: | 政治 | |
| 电子资源: | ||
| ISBN: | ||
| 000 | 00545nam0 2200205 45 | |
| 001 | 0312221749 | |
| 005 | 20040425082709.4 | |
| 010 | @dCNY0.99 | |
| 091 | @a3002.229 | |
| 100 | @a20031222d1981 km y0chiy0120 ea | |
| 101 | @achi | |
| 105 | @a z 000yy | |
| 200 | 1 | @a在日本十五年@AZai Ri Ben Shi Wu Nian@f刘德有编@FLiu De You Bian |
| 210 | @a北京@c生活, 读书, 新知三联书店@d1981.6 | |
| 215 | @a364页@d19cm | |
| 606 | 0 | @a政治 |
| 690 | @aD731.30@v3 | |
| 701 | 0 | @a刘德有@4编 |
| 801 | @aCN@bTSTCL@c20031222 | |
| 905 | @dD731.30@e2@f2@b69178-179 | |
| 在日本十五年/刘德有编.-北京:生活, 读书, 新知三联书店,1981.6 |
| 364页;19cm |
| ISBN :CNY0.99 |
| ● |
| 相关链接 |
|
|
|
|
正题名:在日本十五年
索取号:D731.30/2
 
预约/预借
| 序号 | 登录号 | 条形码 | 馆藏地/架位号 | 状态 | 备注 |
| 1 | 0069178 | 000383999 | 第一借阅区/ [索取号:D731.30/2] | 在馆 | |
| 2 | 0069179 | 000383980 | 第一借阅区/ [索取号:D731.30/2] | 在馆 | |
| 3 | 0069180 | 001797693 | 密集书库/ [索取号:D731.30/2] | 在馆 | |
| 4 | 0069181 | 001798905 | 密集书库/ [索取号:D731.30/2] | 在馆 |